| 000 | 00446nam a2200169Ia 4500 | ||
|---|---|---|---|
| 003 | GCL | ||
| 008 | 140319s9999 xx 000 0 eng d | ||
| 040 |
_aGCL / _cGCL |
||
| 082 | 0 | 4 |
_a030 _bW W |
| 100 | 1 | _aWORLD BOOK | |
| 245 | 1 | 0 |
_aTHE WORLD BOOK ENCYCLOPEDIA / _cWORLD BOOK |
| 260 |
_a[S.N] : _bWORLD BOOK, INC. ، _c1991 |
||
| 650 | 0 | 4 | _aGENERAL ENCYCLOPEDIA |
| 650 | 0 | 4 | _aWORLD BOOK ENCYCLOPEDIA |
| 650 | 0 | 4 | _aENCYCLOPEDIA |
| 942 |
_2ddc _cBK |
||
| 999 |
_c12755 _d12755 |
||